Konkurencieschopnosť EÚ v poslednej dekáde diplomová práca

Saved in:
Bibliographic Details
Main Author: Kovaľová, Patrícia
Corporate Author: Obchodná fakulta EU. Katedra medzinárodného obchodu
Other Authors: Sopková, Gabriela
Format: Book
Language:Slovak
Published: Bratislava 2018
Tags: Add Tag
No Tags, Be the first to tag this record!

MARC

LEADER 00000nbm a2200000 4500
001 0243368
005 20181003112740.5
041 0 |a slo 
044 |a SK 
245 1 0 |a Konkurencieschopnosť EÚ v poslednej dekáde  |b diplomová práca  |c Patrícia Kovaľová ; školiteľ: Gabriela Sopková 
264 1 |a Bratislava  |c 2018 
300 |a 75 s. 
100 1 |a Kovaľová, Patrícia 
700 1 |a Sopková, Gabriela 
710 2 |a Obchodná fakulta EU. Katedra medzinárodného obchodu